| 000 | 00453cam a2200157 4500 | ||
|---|---|---|---|
| 001 | 2386 | ||
| 005 | 20181127165043.0 | ||
| 008 | 970418s1997 nyu 000 0 eng | ||
| 020 | _a0385490321 (pbk.) | ||
| 100 | 1 |
_aJordan, June, _d1936-2002. |
|
| 245 | 1 | 0 |
_aKissing God goodbye : _bpoems, 1991-1997 / _cJune Jordan. |
| 250 | _a1st Anchor Books ed. | ||
| 260 |
_aNew York : _bAnchor Books, _c1997. |
||
| 300 |
_ax, 99 p. ; _c21 cm. |
||
| 650 |
_aPoetry. _v _x _y _z _2 |
||
| 999 |
_c1910 _d1910 |
||